[Event "Chigorin Memorial"]
[Site "St Petersburg"]
[Date "2015.10.11"]
[Round "9.141"]
[White "Pavlova, Nataliy"]
[Black "Zemnitskiy, Alexander"]
[Result "1/2-1/2"]
[WhiteElo "2021"]
[BlackElo "1856"]
[PlyCount "181"]
[EventDate "2015.10.03"]
[EventRounds "9"]
[EventCountry "RUS"]

1. Nf3 d5 2. b3 Bg4 3. Ne5 Bh5 4. d4 f6 5. Nd3 e6 6. Bb2 Bd6 7. c4 c6 8. g3 Nd7
9. Bh3 Qe7 10. Nd2 Nh6 11. O-O Nf7 12. cxd5 exd5 13. Re1 O-O 14. Bg2 f5 15. Nf3
Rae8 16. Qc1 g5 17. a4 Bxf3 18. Bxf3 g4 19. Bg2 Qg5 20. Qc2 Nd8 21. e3 Nf6 22.
b4 Ne4 23. b5 Ne6 24. Rac1 Rc8 25. bxc6 bxc6 26. a5 Qe7 27. a6 Rc7 28. Re2 Rb8
29. Qa4 Rb6 30. Rec2 h5 31. h4 Nd8 32. Nc5 Nxg3 33. Bc3 Ne4 34. Ba5 Bxc5 35.
dxc5 Rxa6 36. Bf1 Rxa5 37. Qxa5 Ne6 38. Bg2 Qxh4 39. Rb2 Kf7 40. Bxe4 fxe4 41.
Rc3 Qh3 42. Rcb3 Kg6 43. Rb7 Ng5 44. f4 Qxe3+ 45. Kf1 Qxf4+ 46. Ke2 Qf3+ 47.
Ke1 Qe3+ 48. Kd1 Qd3+ 49. Kc1 Qf1+ 50. Kc2 Rxb7 51. Rxb7 e3 52. Qc7 Qc4+ 53.
Kb1 Qf1+ 54. Kc2 Qf2+ 55. Kb1 Qf5+ 56. Kc1 Qf6 57. Qc8 Qc3+ 58. Kb1 Qd3+ 59.
Kc1 Qa3+ 60. Kb1 Qd3+ 61. Kc1 e2 62. Qe8+ Kf5 63. Qf8+ Ke4 64. Re7+ Kd4 65.
Qf2+ Kc4 66. Rxe2 Ne4 67. Rc2+ Nc3 68. Kb2 d4 69. Qf7+ Kxc5 70. Qxa7+ Kd6 71.
Qb8+ Kc5 72. Qf8+ Kb5 73. Qb8+ Ka5 74. Qc7+ Kb5 75. Qb7+ Kc5 76. Qe7+ Kb6 77.
Qd8+ Kb5 78. Qb8+ Kc5 79. Qf8+ Kb6 80. Qb8+ Ka5 81. Qc7+ Ka4 82. Qa7+ Kb5 83.
Qb7+ Kc5 84. Qe7+ Kb6 85. Qd8+ Kc5 86. Qe7+ Kd5 87. Qg5+ Ke4 88. Qg6+ Ke3 89.
Qg5+ Ke4 90. Qg6+ Ke3 91. Qg5+ 1/2-1/2

[Event "Chigorin Memorial"]
[Site "St Petersburg"]
[Date "2015.10.11"]
[Round "9.143"]
[White "Zhemchuzhina, Elizaveta"]
[Black "Khmelev, Mikhail"]
[Result "0-1"]
[WhiteElo "1857"]
[BlackElo "1988"]
[PlyCount "102"]
[EventDate "2015.10.03"]
[EventRounds "9"]
[EventCountry "RUS"]

1. d4 Nf6 2. c4 c5 3. d5 b5 4. Qc2 d6 5. e4 g6 6. Nf3 Bg7 7. cxb5 O-O 8. Nc3 a6
9. a4 axb5 10. Bxb5 Ba6 11. O-O Bxb5 12. Nxb5 Nbd7 13. Bd2 Qb6 14. Bc3 Rfb8 15.
Nd2 Ne8 16. Nc4 Qa6 17. Bxg7 Kxg7 18. f4 f6 19. e5 Nb6 20. exd6 Nxc4 21. Qxc4
Nxd6 22. Nxd6 Qxd6 23. b3 Rb4 24. Qc2 Qxd5 25. Rad1 Qb7 26. Rf3 c4 27. Qe2 cxb3
28. Rfd3 Re4 29. Qb2 Raxa4 30. Rxb3 Qa7+ 31. Kh1 Ra2 32. Qb1 Qa8 33. Rb7 Ree2
34. Rg1 Rxg2 35. Rxg2 Ra1 36. Rxe7+ Kf8 37. Re1 Rxb1 38. Rxb1 Qf3 39. Rb4 h5
40. Rb8+ Kg7 41. f5 Qxf5 42. Rb7+ Kh6 43. Rb8 g5 44. Rh8+ Kg7 45. Rb8 h4 46.
Kg1 Qe5 47. Rgb2 h3 48. R2b7+ Kg6 49. Rb1 Qe3+ 50. Kf1 Qf3+ 51. Ke1 Qh1+ 0-1

[Event "Chigorin Memorial"]
[Site "St Petersburg"]
[Date "2015.10.11"]
[Round "9.144"]
[White "Kochetkov, Victor N"]
[Black "Tskhadadze, Anna"]
[Result "1-0"]
[WhiteElo "1853"]
[BlackElo "1988"]
[PlyCount "139"]
[EventDate "2015.10.03"]
[EventRounds "9"]
[EventCountry "RUS"]

1. Nc3 d5 2. d4 Nf6 3. e3 e6 4. a3 Be7 5. Bd3 O-O 6. Nf3 Nbd7 7. Ne5 c5 8. O-O
c4 9. Be2 Nxe5 10. dxe5 Nd7 11. f4 a6 12. Bf3 b5 13. Ne2 Qb6 14. Kh1 Bb7 15.
Nd4 a5 16. c3 b4 17. Bd2 f6 18. Bg4 f5 19. Bh3 Nc5 20. g4 Nb3 21. Rb1 Nxd4 22.
exd4 b3 23. Rg1 Kh8 24. Qf3 Rad8 25. Rg2 Bc8 26. gxf5 exf5 27. Qh5 g6 28. Qh6
Rg8 29. Be1 Qe6 30. Bh4 Bxh4 31. Qxh4 Rdf8 32. Qh6 Qf7 33. Rbg1 Re8 34. Rg3 Re6
35. Rg5 Rb6 36. Bg2 Bb7 37. Bf3 Qg7 38. Qh3 Qf7 39. Re1 Re6 40. Qg2 Ree8 41. h4
Qe6 42. Kg1 Kg7 43. h5 Kf7 44. hxg6+ hxg6 45. Kf2 Rh8 46. Rh1 Rxh1 47. Qxh1 Kg7
48. Rg3 Rh8 49. Rh3 Rxh3 50. Qxh3 Qe7 51. Qg3 Bc6 52. Ke3 Qd8 53. Qg2 Qh4 54.
Qf2 Qe7 55. Qg3 Qd8 56. Kd2 Qg8 57. Qg5 Qf8 58. Ke2 Bb7 59. Kf2 Bc6 60. Qh4 a4
61. Kg2 Bb7 62. Qe1 Qe7 63. e6 g5 64. Qe5+ Kg6 65. Bxd5 gxf4 66. Bxb7 Qg5+ 67.
Kf1 Qg3 68. e7 Qd3+ 69. Qe2 Qb1+ 70. Kf2 1-0

[Event "Chigorin Memorial"]
[Site "St Petersburg"]
[Date "2015.10.11"]
[Round "9.145"]
[White "Kashin, Yury"]
[Black "Kamnev, Alexander"]
[Result "1/2-1/2"]
[WhiteElo "1848"]
[BlackElo "1951"]
[PlyCount "80"]
[EventDate "2015.10.03"]
[EventRounds "9"]
[EventCountry "RUS"]

1. e4 c5 2. Bc4 Nc6 3. f4 d6 4. Nf3 e6 5. Nc3 Nf6 6. Qe2 Be7 7. d3 O-O 8. O-O
a6 9. a4 d5 10. Ba2 d4 11. Nd1 b5 12. e5 Nd7 13. f5 exf5 14. axb5 Nb4 15. Nf2
Nb6 16. Bc4 axb5 17. Rxa8 Nxa8 18. Bxb5 Nc7 19. Bc4 Be6 20. Nh3 Bxc4 21. dxc4
Ne6 22. Ne1 g6 23. Nd3 Qb6 24. b3 Nxd3 25. Qxd3 Qb7 26. Re1 Re8 27. g3 Bf8 28.
Nf4 Bg7 29. Kf2 Ng5 30. Ba3 Ne4+ 31. Kg1 Bxe5 32. Nd5 Ra8 33. Rxe4 fxe4 34.
Qxe4 Qa7 35. Qxe5 Qxa3 36. Nf6+ Kf8 37. Nxh7+ Kg8 38. Nf6+ Kf8 39. Nd7+ Kg8 40.
Nf6+ Kf8 1/2-1/2

[Event "Chigorin Memorial"]
[Site "St Petersburg"]
[Date "2015.10.11"]
[Round "9.146"]
[White "Toporkova, Sofia"]
[Black "Fokin, Anatoly"]
[Result "1-0"]
[WhiteElo "1950"]
[BlackElo "1817"]
[PlyCount "91"]
[EventDate "2015.10.03"]
[EventRounds "9"]
[EventCountry "RUS"]

1. c4 e5 2. g3 c6 3. d4 d6 4. Nc3 Nf6 5. Bg2 Be7 6. e4 Nbd7 7. Nge2 O-O 8. O-O
Qc7 9. f4 a5 10. h3 Re8 11. g4 exd4 12. Nxd4 Nc5 13. g5 Nfd7 14. h4 Nb6 15. b3
a4 16. Bd2 axb3 17. axb3 Rxa1 18. Qxa1 Bg4 19. f5 Ra8 20. Qe1 Nbd7 21. Qg3 Ne5
22. Nd1 Ra2 23. Bf4 Ncd3 24. Be3 Bf8 25. Nf3 d5 26. Nxe5 Nxe5 27. Bf4 Bxd1 28.
Rxd1 Bd6 29. exd5 cxd5 30. Rxd5 Ra1+ 31. Bf1 Nf3+ 32. Qxf3 Bxf4 33. Qxf4 Rxf1+
34. Qxf1 Qg3+ 35. Kh1 Qxh4+ 36. Kg2 Qxg5+ 37. Kf2 Qf4+ 38. Ke2 Qe4+ 39. Kd2 h5
40. Qd3 Qg2+ 41. Kc3 h4 42. Rd8+ Kh7 43. f6+ g6 44. Qe3 h3 45. Rh8+ Kxh8 46.
Qh6+ 1-0

[Event "Chigorin Memorial"]
[Site "St Petersburg"]
[Date "2015.10.11"]
[Round "9.147"]
[White "Caglar, Sila"]
[Black "Babanin, Gleb"]
[Result "1-0"]
[WhiteElo "1804"]
[BlackElo "1941"]
[PlyCount "131"]
[EventDate "2015.10.03"]
[EventRounds "9"]
[EventCountry "RUS"]

1. e4 c5 2. Nf3 d6 3. d4 cxd4 4. Nxd4 Nf6 5. Nc3 a6 6. a4 e5 7. Nf3 Qc7 8. Be2
b6 9. O-O Bb7 10. Nd2 Nbd7 11. Bf3 Be7 12. Qe2 O-O 13. Rd1 Rfd8 14. Nf1 Nc5 15.
Ng3 Bf8 16. Bg5 Ne6 17. Bxf6 gxf6 18. Nf5 Nf4 19. Qd2 Qc8 20. Bg4 Qc5 21. g3
Ne6 22. Nd5 Bxd5 23. exd5 Nd4 24. Nxd4 exd4 25. Qxd4 Qxc2 26. Rac1 Qg6 27. Bf3
b5 28. a5 Rac8 29. Rc6 Ra8 30. Kg2 Bg7 31. Qb6 f5 32. b3 Be5 33. Qe3 Re8 34.
Qd3 Qg5 35. Qd2 f4 36. Qd3 h5 37. h4 Qh6 38. Qf5 fxg3 39. fxg3 Qg7 40. Qg5 Qxg5
41. hxg5 Kh7 42. Bxh5 Rg8 43. Bxf7 Rxg5 44. Rd3 Ra7 45. Be6 Rgg7 46. g4 b4 47.
Rh3+ Kg6 48. Rh8 Rgb7 49. Rg8+ Kh7 50. Rc1 Bg7 51. Rc6 Be5 52. Rc1 Bg7 53. Rcc8
Rb5 54. Rb8 Bc3 55. Bf5+ Kh6 56. Rxb5 axb5 57. Rg6+ Kh7 58. Rxd6+ Kg7 59. a6
Bd4 60. Rd7+ Kf6 61. Rxa7 Bxa7 62. Bd7 Ke5 63. Bxb5 Kxd5 64. g5 Ke5 65. g6 Kf6
66. Bd3 1-0

[Event "Chigorin Memorial"]
[Site "St Petersburg"]
[Date "2015.10.11"]
[Round "9.148"]
[White "Dushin, Nikolay"]
[Black "Montolio Benedicto, Cesar"]
[Result "1-0"]
[WhiteElo "1936"]
[BlackElo "1816"]
[PlyCount "101"]
[EventDate "2015.10.03"]
[EventRounds "9"]
[EventCountry "RUS"]

1. d4 Nf6 2. Nf3 g6 3. g3 Bg7 4. Bg2 O-O 5. c4 d6 6. Nc3 Nc6 7. O-O a6 8. Re1
e5 9. d5 Nb8 10. Rb1 a5 11. a3 Nbd7 12. e4 Nc5 13. b4 axb4 14. axb4 Ncd7 15.
Qb3 Re8 16. Bg5 h6 17. Bd2 b6 18. Ra1 Bb7 19. Rxa8 Qxa8 20. Nb5 Qc8 21. Bc3 Ba6
22. Na7 Qa8 23. Nc6 Bb7 24. Ra1 Qc8 25. Na7 Qb8 26. Nd2 h5 27. h3 Bh6 28. Nf1
Kf8 29. Bd2 Bxd2 30. Nxd2 Kg7 31. h4 Kg8 32. Bh3 Kg7 33. Qc3 Kg8 34. f3 Kf8 35.
Qe3 Kg7 36. Nb3 Qd8 37. Nb5 Qb8 38. Qd3 Kg8 39. Nc1 Kg7 40. Ne2 Kg8 41. Ra3 Kg7
42. Nec3 Kg8 43. Na7 Kg7 44. Ncb5 Kg8 45. Qd2 Kg7 46. Nc6 Bxc6 47. dxc6 Nf8 48.
Ra7 Re7 49. Qa2 Ne6 50. Bxe6 fxe6 51. Ra8 1-0

[Event "Chigorin Memorial"]
[Site "St Petersburg"]
[Date "2015.10.11"]
[Round "9.150"]
[White "Selezneva, Ekaterina"]
[Black "Nuritdinov, Nizomiddin"]
[Result "0-1"]
[WhiteElo "1700"]
[BlackElo "1918"]
[PlyCount "116"]
[EventDate "2015.10.03"]
[EventRounds "9"]
[EventCountry "RUS"]

1. e4 e6 2. d4 d5 3. Nd2 Nf6 4. Bd3 c5 5. c3 Nc6 6. Ngf3 dxe4 7. Nxe4 cxd4 8.
cxd4 Bb4+ 9. Nc3 O-O 10. O-O h6 11. Bc2 Ba5 12. a3 Bb6 13. Be3 Ng4 14. Qd3 f5
15. Rad1 Qf6 16. Bf4 Rd8 17. h3 Nxf2 18. Rxf2 Nxd4 19. Nxd4 Rxd4 20. Qg3 Rxd1+
21. Bxd1 Bxf2+ 22. Kxf2 Bd7 23. Be5 Qe7 24. Bd6 Qf6 25. Be5 Qf7 26. Bh5 Qe7 27.
Bd6 Qf6 28. Be5 Qg5 29. Qxg5 hxg5 30. Bd6 Kh7 31. Bf3 Bc6 32. Be7 Kg6 33. Bxc6
bxc6 34. Ne2 e5 35. Bc5 a5 36. Nc3 Kf6 37. Ke3 Rb8 38. Na4 Rb3+ 39. Ke2 g6 40.
Bb6 f4 41. Bxa5 Re3+ 42. Kf2 Rd3 43. Bc3 Kf5 44. Nc5 Rd5 45. Nb3 c5 46. a4 g4
47. hxg4+ Kxg4 48. Nd2 Kf5 49. Nc4 e4 50. Ke2 g5 51. a5 Rd7 52. Nb6 Rh7 53. Nc8
Rh6 54. Ne7+ Kg4 55. Be1 f3+ 56. gxf3+ exf3+ 57. Kd1 Rd6+ 58. Kc2 Re6 0-1

[Event "Chigorin Memorial"]
[Site "St Petersburg"]
[Date "2015.10.11"]
[Round "9.151"]
[White "Scheglov, Dmitry"]
[Black "Keadana, Amir"]
[Result "1/2-1/2"]
[WhiteElo "1910"]
[BlackElo "1730"]
[PlyCount "100"]
[EventDate "2015.10.03"]
[EventRounds "9"]
[EventCountry "RUS"]

1. e4 e6 2. d4 d5 3. Nd2 dxe4 4. Nxe4 Bd7 5. Nf3 Bc6 6. Bd3 Nd7 7. O-O Ngf6 8.
Bg5 Be7 9. Qe2 Nxe4 10. Bxe7 Qxe7 11. Bxe4 Bxe4 12. Qxe4 c6 13. Rfe1 Nf6 14.
Qd3 Rd8 15. c3 O-O 16. b4 b6 17. Ne5 Qd6 18. Qa6 Qc7 19. Rab1 Rd5 20. Rb3 Nd7
21. f4 f6 22. Nxd7 Qxd7 23. Ra3 Rf7 24. Qe2 Re7 25. Qf2 Qd6 26. Rb3 Rf5 27. g3
g5 28. Re4 gxf4 29. Rxf4 Rxf4 30. Qxf4 Qxf4 31. gxf4 e5 32. fxe5 fxe5 33. dxe5
Rxe5 34. Rb2 c5 35. Kf2 Kf7 36. Kf3 Kf6 37. Rd2 cxb4 38. cxb4 Rb5 39. a3 a5 40.
Rd6+ Kg7 41. Rd4 Kf6 42. Ke4 Ke6 43. Rc4 Rh5 44. Rc6+ Kd7 45. Rxb6 axb4 46.
axb4 Rxh2 47. Kf5 Rh5+ 48. Kg4 Rd5 49. Rb7+ Kc6 50. Rxh7 Rd4+ 1/2-1/2

[Event "Chigorin Memorial"]
[Site "St Petersburg"]
[Date "2015.10.11"]
[Round "9.152"]
[White "Ivanov, Artem"]
[Black "Smorodkin, Kirill"]
[Result "1-0"]
[WhiteElo "1898"]
[BlackElo "1516"]
[PlyCount "97"]
[EventDate "2015.10.03"]
[EventRounds "9"]
[EventCountry "RUS"]

1. e4 e5 2. Nc3 Nf6 3. Bc4 Nc6 4. d3 Na5 5. Nge2 Be7 6. O-O O-O 7. a3 Nxc4 8.
dxc4 a5 9. Ng3 d6 10. Qe2 c6 11. Rd1 Qc7 12. b3 Rb8 13. h3 Bd7 14. a4 Rbd8 15.
Bb2 Be6 16. Rd3 Rfe8 17. Rad1 Rd7 18. Re1 Bf8 19. Qf3 Qb6 20. Red1 Red8 21. Nf5
Bxf5 22. Qxf5 Qc7 23. Ne2 Be7 24. Ng3 g6 25. Qf3 Ne8 26. Qe3 Bf6 27. Bc3 Bg7
28. Qd2 b6 29. c5 Qb7 30. cxb6 d5 31. Bxa5 d4 32. Bb4 Rc8 33. Bc5 Ra8 34. a5
Ra6 35. b4 Nd6 36. c3 Nb5 37. Ne2 f5 38. f3 fxe4 39. fxe4 Rf7 40. c4 Nc3 41.
Nxc3 dxc3 42. Qxc3 Ra8 43. Rd8+ Rxd8 44. Rxd8+ Bf8 45. Qxe5 Qa6 46. Qe6 Kg7 47.
Bxf8+ Rxf8 48. Rxf8 Kxf8 49. Qxc6 1-0

[Event "Chigorin Memorial"]
[Site "St Petersburg"]
[Date "2015.10.11"]
[Round "9.153"]
[White "Rybaizen, Boris"]
[Black "Martynov, Petr"]
[Result "0-1"]
[WhiteElo "2324"]
[BlackElo "1889"]
[PlyCount "118"]
[EventDate "2015.10.03"]
[EventRounds "9"]
[EventCountry "RUS"]

1. d4 Nf6 2. c4 e6 3. a3 d5 4. Nf3 Be7 5. Nc3 O-O 6. Bg5 h6 7. Bh4 b6 8. e3 Bb7
9. cxd5 Nxd5 10. Bxe7 Qxe7 11. Bd3 Nxc3 12. bxc3 Nd7 13. O-O e5 14. Bc2 e4 15.
Nd2 Rfe8 16. Qg4 Nf6 17. Qh4 Qd7 18. c4 Re7 19. Rfd1 Qe6 20. Bb3 Qf5 21. h3 Kh7
22. g4 g5 23. Qg3 Qd7 24. Kf1 Kg7 25. Ke2 Rh8 26. Rh1 c5 27. d5 b5 28. cxb5
Bxd5 29. Rhb1 Qxb5+ 30. Ke1 Qd3 31. Qd6 c4 32. Qxe7 cxb3 33. Qe5 Rc8 34. Qd4
Qxd4 35. exd4 Rc3 36. Nf1 Rxh3 37. Ne3 Be6 38. Kd2 Nxg4 39. d5 Nxe3 40. dxe6
Nc4+ 41. Ke2 fxe6 42. Rd1 b2 43. Rab1 Rb3 44. Rd7+ Kf6 45. Rxa7 Nxa3 46. Rxa3
Rxa3 47. Rxb2 Kf5 48. Rb8 h5 49. Rf8+ Kg4 50. Re8 Ra6 51. Ke3 h4 52. Kxe4 Kh3
53. Kf3 g4+ 54. Kf4 Ra3 55. Rxe6 Rf3+ 56. Kg5 Rxf2 57. Rh6 Kg3 58. Rxh4 Rf5+
59. Kxf5 Kxh4 0-1

[Event "Chigorin Memorial"]
[Site "St Petersburg"]
[Date "2015.10.11"]
[Round "9.154"]
[White "Levin, Evgeny"]
[Black "Schetchikov, Vladimir"]
[Result "0-1"]
[WhiteElo "1813"]
[BlackElo "2222"]
[PlyCount "78"]
[EventDate "2015.10.03"]
[EventRounds "9"]
[EventCountry "RUS"]

1. d4 Nf6 2. e3 g6 3. Bd3 Bg7 4. Ne2 b6 5. f3 Bb7 6. e4 d6 7. c4 c5 8. d5 O-O
9. O-O e6 10. Nbc3 exd5 11. cxd5 Ba6 12. Bxa6 Nxa6 13. Bg5 h6 14. Bh4 Nc7 15.
a4 a6 16. Qd2 Kh7 17. Bf2 Qd7 18. g4 b5 19. a5 Rae8 20. Ng3 b4 21. Na4 Nb5 22.
Nb6 Qc7 23. Qc2 Nd7 24. Nxd7 Qxd7 25. Ne2 Qe7 26. Rfe1 Qf6 27. Kg2 Qxb2 28. Qd3
Qf6 29. Rac1 Rc8 30. Bg3 Qe7 31. f4 Rfe8 32. Ng1 Qc7 33. Nf3 c4 34. Qd1 b3 35.
f5 c3 36. fxg6+ fxg6 37. e5 dxe5 38. Nh4 Qd6 39. Qd3 Rc5 0-1

[Event "Chigorin Memorial"]
[Site "St Petersburg"]
[Date "2015.10.11"]
[Round "9.155"]
[White "Savinov, Leonid"]
[Black "Chechetko, Georgy"]
[Result "1/2-1/2"]
[WhiteElo "2110"]
[BlackElo "1827"]
[PlyCount "104"]
[EventDate "2015.10.03"]
[EventRounds "9"]
[EventCountry "RUS"]

1. e4 c5 2. Nf3 d6 3. d4 cxd4 4. Qxd4 Nc6 5. Bb5 Bd7 6. Bxc6 Bxc6 7. Nc3 Nf6 8.
Bg5 e6 9. O-O-O Be7 10. Rhe1 O-O 11. Kb1 Qc7 12. Qd2 Rfd8 13. Nd4 Rab8 14. f4
b5 15. e5 dxe5 16. fxe5 Nd5 17. Ne4 h6 18. Bxh6 b4 19. Bxg7 Kxg7 20. Nf6 Bxf6
21. exf6+ Kxf6 22. Rxe6+ fxe6 23. Qh6+ Kf7 24. Rf1+ Kg8 25. Qxe6+ Kh8 26. Nxc6
Rbc8 27. Qh6+ Kg8 28. Qe6+ Kh8 29. Qh6+ Kg8 30. Nxd8 Rxd8 31. Rf3 Nf6 32. Qg5+
Qg7 33. Qxg7+ Kxg7 34. a3 a5 35. axb4 axb4 36. Rf4 Nd5 37. Re4 Kf6 38. Ka2 Kf5
39. Rh4 Re8 40. Kb3 Re2 41. g3 Ke5 42. Rh8 Ne3 43. Kxb4 Rxc2 44. b3 Nf1 45. h4
Nxg3 46. h5 Rh2 47. h6 Kf6 48. Rf8+ Ke7 49. Rh8 Nf5 50. Ka5 Rxh6 51. Rxh6 Nxh6
52. b4 Nf7 1/2-1/2

[Event "Chigorin Memorial"]
[Site "St Petersburg"]
[Date "2015.10.11"]
[Round "9.157"]
[White "Chekletsov, Egor"]
[Black "Gorodnichin, Leonid"]
[Result "1-0"]
[WhiteElo "2082"]
[BlackElo "1798"]
[PlyCount "145"]
[EventDate "2015.10.03"]
[EventRounds "9"]
[EventCountry "RUS"]

1. e4 e6 2. d4 d5 3. e5 c5 4. c3 Qb6 5. Nf3 Nc6 6. a3 f6 7. Bd3 fxe5 8. Nxe5
Nf6 9. Nxc6 bxc6 10. Be2 Bd6 11. O-O O-O 12. Ra2 cxd4 13. cxd4 c5 14. Be3 cxd4
15. Bxd4 Qb8 16. h3 e5 17. Bc3 Be6 18. Qa4 Qc8 19. Ba6 Qc5 20. Bb4 Qd4 21. Rd1
Qh4 22. Nd2 Bxb4 23. Qxb4 Qxb4 24. axb4 Rab8 25. Nf3 Nd7 26. Ng5 Bf5 27. Rxd5
h6 28. g4 Bb1 29. Ra1 hxg5 30. Rxd7 Bc2 31. Bc4+ Kh8 32. Raxa7 Rxb4 33. b3 Bxb3
34. Bxb3 Rxb3 35. Rxg7 Rxh3 36. Rxg5 Re8 37. Ra5 Rh4 38. f3 e4 39. f4 Rb8 40.
Rh5+ Rxh5 41. Rxh5+ Kg7 42. Re5 Rb3 43. Kg2 Re3 44. Re6 Kf7 45. f5 Kg7 46. Kf2
Rf3+ 47. Ke2 Rg3 48. Rxe4 Kf6 49. Re6+ Kf7 50. Rg6 Ra3 51. g5 Rg3 52. Kf2 Ra3
53. Rh6 Ra5 54. Rf6+ Kg7 55. Kf3 Ra3+ 56. Kf4 Ra4+ 57. Ke5 Ra5+ 58. Ke6 Ra6+
59. Ke7 Ra7+ 60. Kd8 Ra8+ 61. Kc7 Ra7+ 62. Kb6 Ra1 63. Re6 Rf1 64. Re7+ Kf8 65.
f6 Rf3 66. Rg7 Rf1 67. Kc6 Rf5 68. Kd6 Rf1 69. Ke6 Rf2 70. Ra7 Re2+ 71. Kf5 Re8
72. Kg6 Rd8 73. Rh7 1-0

[Event "Chigorin Memorial"]
[Site "St Petersburg"]
[Date "2015.10.11"]
[Round "9.158"]
[White "Morozov, Boris"]
[Black "Kakadzhanov, Timur"]
[Result "0-1"]
[WhiteElo "1770"]
[BlackElo "2082"]
[PlyCount "66"]
[EventDate "2015.10.03"]
[EventRounds "9"]
[EventCountry "RUS"]

1. e4 e6 2. d4 d5 3. Nc3 Nf6 4. Bg5 Be7 5. Bxf6 Bxf6 6. Nf3 O-O 7. e5 Be7 8.
Bd3 c5 9. h4 h6 10. dxc5 Bxc5 11. Qd2 Nc6 12. O-O-O f6 13. exf6 Qxf6 14. Rh3
Bb4 15. g4 d4 16. Bh7+ Kxh7 17. Ng5+ Kg8 18. Qd3 hxg5 19. Ne4 Qf4+ 20. Kb1 Be7
21. hxg5 Bxg5 22. Rdh1 Bh6 23. g5 Bxg5 24. Nxg5 Qxg5 25. Rh8+ Kf7 26. Rxf8+
Kxf8 27. Qf3+ Qf6 28. Rh8+ Kf7 29. Qg3 e5 30. Qb3+ Kg6 31. Qg8 Ne7 32. Qh7+ Kf7
33. Qh5+ Ng6 0-1

[Event "Chigorin Memorial"]
[Site "St Petersburg"]
[Date "2015.10.11"]
[Round "9.159"]
[White "Sapegin, Yaroslav"]
[Black "Sorokopudov, Vladimir M"]
[Result "1/2-1/2"]
[WhiteElo "1769"]
[BlackElo "2078"]
[PlyCount "108"]
[EventDate "2015.10.03"]
[EventRounds "9"]
[EventCountry "RUS"]

1. d4 Nf6 2. Bg5 d5 3. Nc3 c6 4. Qd2 Bf5 5. f3 Nbd7 6. e3 h6 7. Bxf6 Nxf6 8.
Bd3 Bxd3 9. Qxd3 e6 10. O-O-O Qa5 11. Kb1 b5 12. e4 b4 13. Nce2 Nd7 14. h4 Nb6
15. Nc1 Nc4 16. Nge2 Bd6 17. g4 Qb6 18. f4 a5 19. f5 exf5 20. gxf5 O-O-O 21.
Rhg1 Rhg8 22. Rg4 h5 23. Rg5 Be7 24. Rxh5 Rh8 25. Rxh8 Rxh8 26. Rg1 Bf8 27. Rg4
a4 28. exd5 cxd5 29. Nf4 Qa5 30. Qe2 Bd6 31. Ncd3 Qb5 32. Qg2 Ne3 33. Qf3 Nxg4
34. Qxg4 Bxf4 35. Qxf4 b3 36. Qg4 bxc2+ 37. Kxc2 Qc6+ 38. Kd2 Qf6 39. h5 Rd8
40. Ne5 Kb7 41. Nd3 Re8 42. Nc5+ Kc6 43. Kd3 Qh6 44. Qd1 Qe3+ 45. Kc2 Qe2+ 46.
Kc1 Qxd1+ 47. Kxd1 Kb5 48. Nb7 Re7 49. f6 gxf6 50. Nd6+ Kc6 51. Nf5 Rb7 52. h6
Rb8 53. Kc2 Kd7 54. Kc3 Ke6 1/2-1/2

[Event "Chigorin Memorial"]
[Site "St Petersburg"]
[Date "2015.10.11"]
[Round "9.160"]
[White "Tebenkov, Vladislav"]
[Black "Golovkina, Anastasia"]
[Result "1/2-1/2"]
[WhiteElo "2050"]
[BlackElo "1790"]
[PlyCount "101"]
[EventDate "2015.10.03"]
[EventRounds "9"]
[EventCountry "RUS"]

1. e4 e5 2. Nf3 Nc6 3. Bb5 Bc5 4. c3 Nf6 5. O-O O-O 6. d4 Bb6 7. Bg5 h6 8. Bh4
d6 9. Bxc6 bxc6 10. dxe5 dxe5 11. Qxd8 Rxd8 12. Nxe5 g5 13. Nxc6 Re8 14. e5 Ne4
15. Bg3 Bb7 16. Nd4 Rad8 17. Na3 h5 18. f3 Nxg3 19. hxg3 Rxe5 20. Rfe1 Rxe1+
21. Rxe1 Bxd4+ 22. cxd4 Rxd4 23. Re7 Rd2 24. Nc4 Rc2 25. Rxc7 Ba6 26. b3 Bxc4
27. Rxc4 Rxa2 28. Rc5 f6 29. f4 Kg7 30. fxg5 fxg5 31. Rxg5+ Kh6 32. Rb5 a6 33.
Rb6+ Kg5 34. Kh2 Ra1 35. Rb8 Rb1 36. b4 Ra1 37. Ra8 Ra4 38. Rb8 Ra1 39. Rg8+
Kf5 40. Rc8 Rb1 41. Rc5+ Kg4 42. Rc4+ Kg5 43. Rd4 Kf5 44. Rc4 Kg5 45. Rf4 Ra1
46. Rf8 Rb1 47. Rb8 Ra1 48. b5 axb5 49. Rxb5+ Kg4 50. Rb4+ Kg5 51. Rc4 1/2-1/2

[Event "Chigorin Memorial"]
[Site "St Petersburg"]
[Date "2015.10.11"]
[Round "9.161"]
[White "Nochovniy, Vladimir"]
[Black "Yun, Vyacheslav"]
[Result "0-1"]
[WhiteElo "2018"]
[BlackElo "1770"]
[PlyCount "100"]
[EventDate "2015.10.03"]
[EventRounds "9"]
[EventCountry "RUS"]

1. d4 d5 2. c4 e6 3. Nc3 c5 4. Nf3 Nc6 5. e3 Nf6 6. Bd3 a6 7. b3 cxd4 8. exd4
Bb4 9. Bd2 dxc4 10. bxc4 Nxd4 11. O-O O-O 12. Nxd4 Qxd4 13. Ne2 Qxd3 14. Bxb4
Qxd1 15. Rfxd1 Re8 16. Bc3 e5 17. f4 Bg4 18. Re1 Bxe2 19. Rxe2 exf4 20. Rae1
Rxe2 21. Rxe2 Re8 22. Rxe8+ Nxe8 23. Be5 g5 24. Kf2 f6 25. Bb8 Kf7 26. Kf3 Ke6
27. Ke4 Nd6+ 28. Kd3 Nf5 29. g3 fxg3 30. hxg3 h5 31. Ke4 Nd6+ 32. Kd3 Nc8 33.
Bc7 Kf5 34. Ke3 Kg4 35. Kf2 f5 36. Ke3 h4 37. gxh4 f4+ 38. Ke4 Kxh4 39. Bxf4
gxf4 40. Kxf4 Nd6 41. Ke5 Nxc4+ 42. Kd5 b5 43. Kc5 Kg4 44. Kc6 Kf4 45. Kb7 a5
46. Ka6 Ke4 47. Kxb5 Kd4 48. Kc6 Kd3 49. Kc5 Nb2 50. a4 Nc4 0-1

[Event "Chigorin Memorial"]
[Site "St Petersburg"]
[Date "2015.10.11"]
[Round "9.163"]
[White "Yakovlev, Yuri S"]
[Black "Shadunts, Kirill"]
[Result "1-0"]
[WhiteElo "1971"]
[BlackElo "1715"]
[PlyCount "61"]
[EventDate "2015.10.03"]
[EventRounds "9"]
[EventCountry "RUS"]

1. e4 e6 2. d4 d5 3. e5 c5 4. c3 Qb6 5. Nf3 Nc6 6. a3 Nh6 7. b4 cxd4 8. cxd4
Nf5 9. Be3 Nxe3 10. fxe3 f6 11. b5 Na5 12. Nc3 Bd7 13. Na4 Qd8 14. Nc5 Bxc5 15.
dxc5 Qc7 16. exf6 gxf6 17. Qd4 Kf7 18. Qb4 e5 19. Be2 Rhg8 20. O-O e4 21. b6
axb6 22. cxb6 Qb8 23. Qd4 exf3 24. Bxf3 Qd6 25. Bxd5+ Kg7 26. Qh4 Rgf8 27. Be4
h6 28. Rad1 Qe7 29. Rf3 Rh8 30. Rxd7 Qxd7 31. Qxf6+ 1-0

[Event "Chigorin Memorial"]
[Site "St Petersburg"]
[Date "2015.10.11"]
[Round "9.164"]
[White "Shakirova, Renata"]
[Black "Golikov, Sergei"]
[Result "1-0"]
[WhiteElo "1932"]
[BlackElo "1708"]
[PlyCount "79"]
[EventDate "2015.10.03"]
[EventRounds "9"]
[EventCountry "RUS"]

1. e4 c5 2. Nf3 d6 3. d4 cxd4 4. Nxd4 a6 5. Nc3 e5 6. Nb3 Be6 7. f4 Be7 8. Be3
Nf6 9. Be2 h6 10. f5 Bd7 11. g4 Bc6 12. Bf3 Nbd7 13. Qe2 Qc7 14. Qf2 b5 15. a3
Rc8 16. O-O Ba8 17. Qg2 Nb6 18. Nd2 Nc4 19. Nxc4 Qxc4 20. Rad1 Rb8 21. Nd5 Bxd5
22. exd5 e4 23. Be2 Qxc2 24. Bxb5+ Rxb5 25. Qxc2 O-O 26. h3 Nxd5 27. Qxe4 Nxe3
28. Qxe3 Re8 29. Rfe1 d5 30. Kh1 Kh7 31. Qd3 Kg8 32. Re2 Kf8 33. Rde1 Rbb8 34.
Qxd5 Red8 35. Qc6 Rdc8 36. Qxa6 Bh4 37. Rd1 Bf6 38. Rd7 Rc1+ 39. Kg2 Bxb2 40.
Qd6+ 1-0

[Event "Chigorin Memorial"]
[Site "St Petersburg"]
[Date "2015.10.11"]
[Round "9.165"]
[White "Shugalei, Mikhail"]
[Black "Voronenkov, Sergey"]
[Result "0-1"]
[WhiteElo "1663"]
[BlackElo "1926"]
[PlyCount "70"]
[EventDate "2015.10.03"]
[EventRounds "9"]
[EventCountry "RUS"]

1. Nf3 Nf6 2. e3 d5 3. c4 e6 4. d4 c6 5. Nbd2 Nbd7 6. Bd3 Bd6 7. O-O O-O 8. e4
e5 9. cxd5 cxd5 10. exd5 exd4 11. Nc4 Bc5 12. Nxd4 Bxd4 13. Bxh7+ Nxh7 14. Qxd4
Qf6 15. Qc3 b5 16. Qxf6 Nhxf6 17. Ne3 Nb6 18. Rd1 Rd8 19. d6 Be6 20. b3 Nfd5
21. a4 Nxe3 22. Bxe3 Bxb3 23. a5 Nc4 24. Rdb1 Ba4 25. Rc1 Nxe3 26. fxe3 Rxd6
27. Rab1 Re8 28. Kf2 Ra6 29. Rc7 Rxa5 30. Rbc1 b4 31. Rc8 Rae5 32. R8c7 a5 33.
R7c5 Rxc5 34. Rxc5 b3 35. Rxa5 b2 0-1